Statystyki dla Państwa z Carrfourem

Kliknij tutaj aby rozwiązać quiz!

Ogólne statystyki

  • Ten quiz został rozwiązany 100 razy
    (98 od ostatniego zresetowania)
  • Średni wynik to 34 z 52

Statystyki odpowiedzi

Kraj% Poprawnych
Polska
98%
Stany Zjednoczone
95%
Francja
93%
Meksyk
92%
Rosja
92%
Czechy
90%
Brazylia
89%
Chiny
89%
Hiszpania
89%
Wielka Brytania
88%
Japonia
86%
Słowacja
86%
Argentyna
85%
Egipt
83%
Portugalia
82%
Włochy
79%
Korea Południowa
74%
Maroko
74%
Turcja
74%
Algieria
73%
Indie
73%
Kolumbia
73%
Tunezja
73%
Austria
71%
Albania
69%
Kazachstan
69%
Irak
63%
Rumunia
63%
Arabia Saudyjska
62%
Bułgaria
61%
Iran
61%
Pakistan
57%
Zjednoczone Emiraty
Arabskie
56%
Azerbejdżan
55%
Indonezja
55%
Armenia
52%
Oman
52%
Syria
49%
Tajlandia
48%
Katar
46%
Kuwejt
46%
Monako
45%
Liban
44%
Bahrajn
42%
Malezja
42%
Tajwan
40%
Kenia
37%
Macedonia Północna
37%
Jordania
35%
Dominikana
31%
Kamerun
24%
Wybrzeże Kości
Słoniowej
21%

Rozkład punktacji

Percentyl według liczby udzielonych odpowiedzi

Procent ludzi z każdym wynikiem

Twoja historia wyników

Nie rozwiązałeś tego quizu od ostatniego zresetowania